Normal view
MARC view
- Sound
Entry Topical Term
001 - CONTROL NUMBER
- control field: 106422
003 - CONTROL NUMBER IDENTIFIER
- control field: NUST
005 - DATE AND TIME OF LATEST TRANSACTION
- control field: 20221229155630.0
008 - FIXED-LENGTH DATA ELEMENTS
- fixed length control field: 221229|| aca||aabn | a|a d
040 ## - CATALOGING SOURCE
- Original cataloging agency: NUST
- Transcribing agency: NUST
150 ## - HEADING--TOPICAL TERM
- Topical term or geographic name entry element: Sound
- General subdivision: Recording and reproducing
- General subdivision: Equipment and supplies
- General subdivision: Maintenance and repair
670 ## - SOURCE DATA FOUND
- Source citation: Work cat.: (NUST)183357: Lenk, John D. 57741, Lenk's audio handbook /, c1991.
